Okamžité medzibankové platby prídu čoskoro. Už na budúci rok

Prevod peňazí v reálnom čase ponúknu kartové spoločnosti, start-upy aj banky, vznikne tak väčší priestor na znižovanie objemu hotovosti v obehu. Kartová spoločnosť Visa sprístupní Visa direct, platformu, ktorá umožní okamžité platby medzi účtami, ku ktorým je vydaná Visa karta. Od budúceho roka začn...

Descrizione completa

Salvato in:
Dettagli Bibliografici
Autore principale: Kláseková, Martina
Altri autori: Záborský, Ján
Natura: Capitolo di libro
Lingua:slovacco
Soggetti:
Tags: Aggiungi Tag
Nessun Tag, puoi essere il primo ad aggiungerne!!

MARC

LEADER 00000naa a2200000 4500
001 0237426
005 20240722120454.4
041 0 |a slo 
044 |a SK 
245 1 0 |a Okamžité medzibankové platby prídu čoskoro. Už na budúci rok  |c Martina Kláseková, Ján Záborský 
520 |a Prevod peňazí v reálnom čase ponúknu kartové spoločnosti, start-upy aj banky, vznikne tak väčší priestor na znižovanie objemu hotovosti v obehu. Kartová spoločnosť Visa sprístupní Visa direct, platformu, ktorá umožní okamžité platby medzi účtami, ku ktorým je vydaná Visa karta. Od budúceho roka začne v EÚ platiť smernica o platobných systémoch, ktorá umožní Facebooku pripojiť sa k systému akejkoľvek európskej banky a z jeho účtu posielať a prijímať platby. Slovenské banky zatiaľ vyčkávajú. 
610 2 0 |a karty platobné 
610 2 0 |a platby bezhotovostné 
610 2 0 |a platby okamžité 
610 2 0 |a banky 
610 2 0 |a bankovníctvo 
610 2 0 |a smernice 
610 2 0 |a siete sociálne 
610 2 0 |a Európska únia 
610 2 0 |a Slovensko 
100 1 |a Kláseková, Martina 
700 1 |a Záborský, Ján